Statistics for 10 Deepest seas and oceans

Click here to take the quiz!

General Stats

  • This quiz has been taken 63 times
  • The average score is 5 of 10

Answer Stats

MetresAnswer% Correct
3926Atlantic Ocean
100%
3963Indian Ocean
100%
4028Pacific Ocean
100%
5000Southern Ocean
53%
2647Caribbean Sea
47%
1652South China Sea
39%
1486Gulf of Mexico
23%
1611Red Sea
21%
1547Bering Sea
14%
1429Mediterranean Sea
9%

Score Distribution

Percentile by Number Answered

Percent of People with Each Score

Your Score History

You have not taken this quiz